Top 10 Ligue 1 Goalscorers of the Decade (2010s) - Statistics

General Stats
  • This quiz has been taken 299 times
  • The average score is 5 of 10
Answer Stats
Rank Player Goals % Correct
1st Edinson Cavani 136
96%
7th Kylian Mbappé 73
96%
2nd Zlatan Ibrahimović 113
96%
3rd Alexandre Lacazette 100
65%
6th Wissam Ben Yedder 76
49%
10th Dimitri Payet 66
41%
4th Bafétimbi Gomis 78
24%
5th Florian Thauvin 78
21%
9th Jimmy Briand 68
13%
8th Nolan Roux 71
6%
No matching quizzes found
Score Distribution
Percent of People with Each Score
Percentile by Number Answered
Your Score History
You have not taken this quiz